| 000 | 00000nam##2200000za#4500 |
| 001 | 9.686938 |
| 003 | CaOODSP |
| 005 | 20210624230744 |
| 007 | cr ||||||||||| |
| 008 | 150407|2004||||xxc|||||o f|0| 0 eng|d |
| 020 | |a0-662-36683-2 |
| 040 | |aCaOODSP|beng |
| 043 | |an-cn--- |
| 086 | 1 |aTU4-12/2004E-PDF |
| 110 | 2 |aTransportation Safety Board of Canada. |
| 245 | 10|aAviation Investigation Report A02O0272 NAV CANADA Toronto Airport Control Tower, Toronto/Lester B. Pearson International Airport, Toronto, Ontario, 25 August 2002 |h[electronic resource] |
| 260 | |aOttawa - Ontario : |bTransportation Safety Board of Canada |cc2004. |
| 300 | |a31p.|bglossary, illus., references, tables |
| 500 | |aThe catalogue number (TU4-12/2004E) and ISBN (0-662-36682-4) for the print edition have been incorrectly copied in this PDF edition. |
| 590 | |a10-05-Supp|b2010-07-20 |
| 690 | 07|aAir safety|2gcpds |
| 775 | 08|tRapport d'enquête aéronautique A02O0272 Risque de collision - Tour de contrôle de l'aéroport international de Toronto / Lester B. Pearson exploitée par NAV CANADA Toronto (Ontario), le 25 août 2002 |w(CaOODSP)9.631402 |
| 856 | 40|ahttp://publications.gc.ca|qPDF|s107 KB|uhttps://publications.gc.ca/collections/collection_2009/bst-tsb/TU4-12-2004E.pdf |